00824nam a2200253 a 4500001001300000003000900013005001700022008004100039020001000080082001800090100002000108245006700128260004100195300000900236500003500245505001700280650002900297700002000326902000800346942000700354952009800361952009800459999001300557nice12345678IN_TiNIC20260116011352.0050524s1845 cala grp 000 0 ara  ac10000a297.403bSPR1 aSprenger, Alloy aAbdur-Razzaq`s Dictionary of the Technical Terms of the Sufies aCalcuttabMadresah of Calcuttac1845 a176p aincludes index and biblioraphy2 aIndex, Illus aSufism-Dictionary-Arabic1 aSprenger, Alloy bRBA cBK 00104070aHMIbHMId2016-09-30g100.00l0o297.403 SPR1p1571r0000-00-00w2026-01-16yARB 00104070aHMIbHMId2016-09-30g100.00l0o297.403 SPR1p6818r0000-00-00w2026-01-16yARB c922d922